№ 3; Известия Академии наук СССР. Отделение математических и естественных наук; Ботанико-географическая зональность и этапы развития флоры верхнего палеозоя; О так называемом "ближе не определенном палеозое" восточного склона Урала; О возрасте континентальной третичной толщи Каракумов; О границе северного и южного Тян-шаня; Новые данные по тектонике центрального Каратау; Энергия кристаллической решетки и её роль в геохимии; К минералогии и геохимии бария в осадочных породах в связи с изучением керченских баритов; Итоги совещания по вопросу о составлении учебных пособий по месторождениям полезных ископаемых

Бібліографічні деталі
Parent link:Известия Академии наук СССР. Отделение математических и естественных наук/ Академия наук СССР (АН СССР). № 3.— , 1936-
Мова:Російська
Англійська
Опубліковано: 1937
TOC:Ботанико-географическая зональность и этапы развития флоры верхнего палеозоя;
О так называемом "ближе не определенном палеозое" восточного склона Урала;
О возрасте континентальной третичной толщи Каракумов;
О границе северного и южного Тян-шаня;
Новые данные по тектонике центрального Каратау;
Энергия кристаллической решетки и её роль в геохимии;
К минералогии и геохимии бария в осадочных породах в связи с изучением керченских баритов;
Итоги совещания по вопросу о составлении учебных пособий по месторождениям полезных ископаемых;
Предмети:
Формат: MixedMaterials Книга
KOHA link:https://koha.lib.tpu.ru/cgi-bin/koha/opac-detail.pl?biblionumber=328625

MARC

LEADER 00000nam2a2200000 4500
001 328625
005 20231102004059.0
035 |a (RuTPU)RU\TPU\book\354325 
035 |a RU\TPU\book\354324 
090 |a 328625 
100 |a 20170221d1937 k y0rusy50 ca 
101 0 |a rus  |a eng 
102 |a RU 
105 |a a z 001zy 
200 0 |a № 3 
210 |d 1937 
215 |a С. 381-588  |c ил. 
320 |a Библиогр. в конце ст. 
461 1 |0 (RuTPU)RU\TPU\book\345466  |t Известия Академии наук СССР. Отделение математических и естественных наук  |f Академия наук СССР (АН СССР)  |v № 3  |d 1936-   |s Серия геологическая 
464 |t Ботанико-географическая зональность и этапы развития флоры верхнего палеозоя 
464 |t О так называемом "ближе не определенном палеозое" восточного склона Урала 
464 |t О возрасте континентальной третичной толщи Каракумов 
464 |t О границе северного и южного Тян-шаня 
464 |t Новые данные по тектонике центрального Каратау 
464 |t Энергия кристаллической решетки и её роль в геохимии 
464 |t К минералогии и геохимии бария в осадочных породах в связи с изучением керченских баритов 
464 |t Итоги совещания по вопросу о составлении учебных пособий по месторождениям полезных ископаемых  |a Вольфсон, Федор Иосифович 
606 1 |a Геология  |2 stltpush  |3 (RuTPU)RU\TPU\subj\6095  |9 34054 
610 1 |a библиотека М. А. Усова 
610 1 |a палеозой 
610 1 |a ископаемые растения 
610 1 |a палеография 
610 1 |a Урал 
610 1 |a Каракумы 
610 1 |a возраст 
610 1 |a Тянь-Шань 
610 1 |a Каратау 
610 1 |a тектоника 
610 1 |a геохимия 
610 1 |a кристаллические решетки 
610 1 |a барий 
610 1 |a барит 
610 1 |a минералогия 
610 1 |a учебные пособия 
610 1 |a составление 
610 1 |a месторождения полезных ископаемых 
675 |a 55  |v 4 
801 1 |a RU  |b 63413507  |c 20170221 
801 2 |a RU  |b 63413507  |c 20170425  |g RCR 
942 |c BK